|
|
|
|
| LEADER |
00000naa2a2200000 4500 |
| 001 |
391171 |
| 005 |
20231101064044.0 |
| 035 |
|
|
|a (RuTPU)RU\TPU\prd\25147
|
| 090 |
|
|
|a 391171
|
| 100 |
|
|
|a 20040412a2004 k y0rusy50 ca
|
| 101 |
0 |
|
|a rus
|
| 102 |
|
|
|a RU
|
| 200 |
1 |
|
|a Молекулярные компьютеры
|f В. И. Минкин
|
| 225 |
1 |
|
|a Проблемы и методы науки
|
| 461 |
|
1 |
|0 (RuTPU)RU\TPU\prd\1643
|t Химия и жизнь - XXI век
|o научно-популярный журнал
|f ИнформНаука
|d 1996-
|
| 463 |
|
1 |
|0 (RuTPU)RU\TPU\prd\24233
|t № 2
|v С. 13-17
|d 2004
|
| 610 |
1 |
|
|a компьютеры
|
| 610 |
1 |
|
|a молекулярные компьютеры
|
| 610 |
1 |
|
|a бистабильные системы
|
| 610 |
1 |
|
|a трёхмерная память
|
| 610 |
1 |
|
|a кремниевые транзисторы
|
| 700 |
|
1 |
|a Минкин
|b В. И.
|
| 801 |
|
1 |
|a RU
|b 63413507
|c 20040412
|g PSBO
|
| 801 |
|
2 |
|a RU
|b 63413507
|c 20120904
|g RCR
|
| 942 |
|
|
|c BK
|